|
|
|
|
| LEADER |
01628nam a2200277 u 4500 |
| 001 |
10117575 |
| 003 |
upatras |
| 005 |
20210117205548.0 |
| 008 |
150921s2014 gr gre |
| 040 |
|
|
|a GR-PaULI
|c GR-PaULI
|
| 041 |
0 |
|
|a gre
|
| 082 |
1 |
4 |
|a 662.88
|2 23
|
| 100 |
1 |
|
|a Συνγκιρίδης, Κωνσταντίνος
|9 146170
|
| 245 |
1 |
0 |
|a Συμβολή στην παραγωγή βιοκαυσίμου από απόβλητα της βιομηχανίας τροφίμων
|b Contribution to biofuel production from food industry wastes
|c Συνγκιρίδης Κωνσταντίνος; Πανεπιστήμιο Πατρών, Τμήμα Χημείας
|
| 246 |
1 |
1 |
|a Contribution to biofuel production from food industry wastes
|
| 300 |
|
|
|a 195 σ.
|b εικ.
|c 30 εκ.
|
| 504 |
|
|
|a Περιλαμβάνει βιβλιογραφία
|
| 650 |
|
4 |
|a Βιοενέργεια
|9 7736
|
| 650 |
|
4 |
|a Απορρίμματα ως καύσιμη ύλη
|9 146171
|
| 700 |
1 |
|
|a Κουτίνας, Αθανάσιος Α.
|4 oth
|9 38996
|
| 710 |
2 |
|
|9 2771
|a Πανεπιστήμιο Πατρών
|b Σχολή Επιστημών Υγείας
|b Τμήμα Ιατρικής
|e Σχολή Θετικών Επιστημών
|e Τμήμα Χημείας
|
| 852 |
|
|
|a GR-PaULI
|b ΠΑΤΡΑ
|b ΒΚΠ
|b ΑΝΕ
|k ΔΙΑΤΡΙΒΗ
|h 662.88 ΣΥΝ
|m 123605
|p 025000152951
|t 1
|
| 942 |
|
|
|2 ddc
|c BKTD
|
| 952 |
|
|
|0 0
|1 0
|4 0
|6 662_880000000000000_ΣΥΝ
|7 0
|9 184074
|a LISP
|b LISP
|c RES
|d 2016-04-24
|i 123605
|l 0
|o 662.88 ΣΥΝ
|p 025000152951
|r 2016-04-24 00:00:00
|t 1
|w 2016-04-24
|y BKTD
|
| 998 |
|
|
|c ΓΚΟΓΚΟΥ
|d 2015-09
|
| 999 |
|
|
|c 113487
|d 113487
|